| 000 | 00478 a2200157 4500 | ||
|---|---|---|---|
| 020 | _aN/S | ||
| 040 | _aISPLB | ||
| 082 |
_b658.3 _a658.3 |
||
| 100 |
_91021 _aGama ,Manuel Martins Kidito da |
||
| 245 | _aModulo I Comunicaȧo nas Organizaȯes | ||
| 260 |
_aLuanda _bUniversidade Lusiada _csem data |
||
| 300 | _a83p | ||
| 650 | _aGestao de Recursos Humanos | ||
| 670 | _uhttps://drive.google.com/file/d/1qX4hTH9vB1l_LdeQJUFeEDVLhNPLS3LT/view?usp=sharing | ||
| 942 | _cLIV-ELE | ||
| 999 |
_c2196 _d2196 |
||